00576nam a2200193Ia 4500008004100000040001400041082002100055100002000076245003200096260003000128300001800158365002600176366000800202505001000210620008500220630003200305650001300337730003200350100315s9999 xx 000 0 und d cENGLISH  b5496 a352.48  aGovt. of India  aReceipts Budget 2006 - 2007 bGovt. Of India  c2006  a"III, 52P  " eRupees d1 b0.00  f0  gDBH  a"Estimates of tax and non-tax reveneu receipts, Estimates of Capital receipts " aReceipts Budget 2006 - 2007 aBudget  aReceipts Budget 2006 - 2007